[Event "Relampago R-035 corr"]
[Site "CXV corr"]
[Date "2001.07.03"]
[Round "?"]
[White "Prado, Mauricio"]
[Black "Neumann Neto, Joao"]
[Result "1/2-1/2"]
[WhiteElo "1948"]
[BlackElo "1710"]
[PlyCount "61"]
[EventDate "2001.??.??"]
[EventType "tourn (corr)"]
[EventRounds "6"]
[EventCountry "BRA"]
[SourceTitle "Corr 2004"]
[Source "ChessBase"]
[SourceDate "2003.04.28"]
[SourceVersion "3"]
[SourceVersionDate "2003.04.28"]
[SourceQuality "1"]

1. e4 Nf6 2. e5 Nd5 3. d4 d6 4. Nf3 Bg4 5. Be2 c6 6. c4 Nb6 7. Nbd2 N8d7 8. h3 Bh5 9. 0-0 dxe5 10. Nxe5 Nxe5 11. dxe5 Bxe2 12. Qxe2 e6 13. Nf3 Qc7 14. Rd1 h6 15. b3 Be7 16. Qe4 0-0 17. Qg4 Kh7 18. Be3 Nd7 19. Qh5 Rad8 20. Rd2 Nc5 21. Rad1 Ne4 22. Rxd8 Rxd8 23. Rxd8 Bxd8 24. Qg4 Ng5 25. Nxg5+ Bxg5 26. Bxg5 hxg5 27. Qxg5 Qa5 28. Qh5+ Kg8 29. Qe2 Qc3 30. g3 a6 31. Kg2 1/2-1/2

[Event "Relampago R-026 corr"]
[Site "CXV corr"]
[Date "2001.04.06"]
[Round "?"]
[White "Prado, Mauricio"]
[Black "Walter, Waldir Jr"]
[Result "1/2-1/2"]
[WhiteElo "1960"]
[BlackElo "1500"]
[PlyCount "49"]
[EventDate "2001.??.??"]
[EventType "tourn (corr)"]
[EventRounds "4"]
[EventCountry "BRA"]
[SourceTitle "Corr 2004"]
[Source "ChessBase"]
[SourceDate "2003.04.28"]
[SourceVersion "3"]
[SourceVersionDate "2003.04.28"]
[SourceQuality "1"]

1. e4 e6 2. d4 d5 3. Nc3 Nf6 4. Bg5 Be7 5. e5 Ne4 6. Bxe7 Qxe7 7. Nxe4 dxe4 8. c3 0-0 9. Qc2 e3 10. fxe3 Qh4+ 11. Qf2 Qxf2+ 12. Kxf2 b6 13. Be2 Bb7 14. Bf3 c6 15. Ne2 Nd7 16. a4 a5 17. Rhf1 Rfc8 18. Kg1 Ba6 19. Rf2 Rab8 20. b3 c5 21. c4 Bb7 22. Raf1 Bxf3 23. Rxf3 f5 24. exf6 Nxf6 25. Nc3 1/2-1/2

[Event "Relampago R-026 corr"]
[Site "CXV corr"]
[Date "2001.02.21"]
[Round "?"]
[White "Schreiber, Eder Jonas"]
[Black "Prado, Mauricio"]
[Result "0-1"]
[WhiteElo "1597"]
[BlackElo "1935"]
[PlyCount "24"]
[EventDate "2001.??.??"]
[EventType "tourn (corr)"]
[EventRounds "4"]
[EventCountry "BRA"]
[SourceTitle "Corr 2004"]
[Source "ChessBase"]
[SourceDate "2003.04.28"]
[SourceVersion "3"]
[SourceVersionDate "2003.04.28"]
[SourceQuality "1"]

1. e4 e6 2. d4 d5 3. Nc3 Bb4 4. exd5 exd5 5. Bd2 Nf6 6. a3 Bxc3 7. Bxc3 0-0 8. h3 Re8+ 9. Be2 Ne4 10. Qd3 Nc6 11. Nf3 Bf5 12. Qd1 Qe7 0-1

[Event "CXV theme I email"]
[Site "Brazil CXV"]
[Date "2000.07.01"]
[Round "?"]
[White "Rigolin, Luciano"]
[Black "Prado, Mauricio"]
[Result "0-1"]
[WhiteElo "1496"]
[BlackElo "1894"]
[PlyCount "52"]
[EventDate "2000.??.??"]
[EventType "tourn (corr)"]
[EventRounds "6"]
[EventCountry "BRA"]
[SourceTitle "Corr 2004"]
[Source "ChessBase"]
[SourceDate "2003.04.28"]
[SourceVersion "3"]
[SourceVersionDate "2003.04.28"]
[SourceQuality "1"]

1. e4 e6 2. d4 d5 3. Nc3 Bb4 4. e5 c5 5. a3 Bxc3+ 6. bxc3 Ne7 7. Qg4 0-0 8. Nf3 Nbc6 9. Bd3 f5 10. exf6 Rxf6 11. Bg5 e5 12. Bxh7+ Kxh7 13. Qh5+ Kg8 14. Bxf6 gxf6 15. dxe5 Qf8 16. 0-0 Bf5 17. Rfe1 Qg7 18. Rab1 fxe5 19. Rxb7 Bg4 20. Rxe7 Bxh5 21. Rxg7+ Kxg7 22. Nxe5 Nxe5 23. Rxe5 Re8 24. f4 Rxe5 25. fxe5 Kf7 26. h3 Bg6 0-1

[Event "SEMI Goering Gambit theme email"]
[Site "SEMI email"]
[Date "1999.??.??"]
[Round "?"]
[White "Cialdea, Alberto"]
[Black "Prado, Mauricio"]
[Result "1/2-1/2"]
[WhiteElo "1900"]
[BlackElo "1700"]
[PlyCount "74"]
[EventDate "1999.05.03"]
[EventType "tourn (corr)"]
[EventRounds "6"]
[EventCountry "ITA"]
[SourceTitle "Corr 2008"]
[Source "ChessBase"]
[SourceDate "2008.06.24"]
[SourceVersion "1"]
[SourceVersionDate "2008.06.24"]
[SourceQuality "1"]

1. e4 e5 2. Nf3 Nc6 3. d4 exd4 4. c3 d5 5. exd5 Qxd5 6. cxd4 Nf6 7. Nc3 Bb4 8. Be2 Ne4 9. Bd2 Bxc3 10. bxc3 0-0 11. 0-0 Nxd2 12. Nxd2 Bf5 13. Qb3 Qa5 14. Nc4 Qa6 15. Qb2 Ne7 16. Ne3 Qb6 17. Qxb6 axb6 18. Bf3 Bc8 19. Rfe1 Rd8 20. c4 h6 21. d5 Bf5 22. h3 Bg6 23. Re2 Nc8 24. a4 Nd6 25. Rea2 Ra5 26. Be2 Rda8 27. f3 f6 28. Nd1 Be8 29. Nc3 Rc5 30. Ne4 Nxe4 31. fxe4 Bd7 32. Bd3 Kf8 33. Kf2 Ke8 34. Ke3 Rca5 35. Bc2 Ke7 36. Bb3 Kd6 37. Kd4 R8a7 1/2-1/2

[Event "SEMI WRG2 theme corr"]
[Site "SEMI email"]
[Date "1999.??.??"]
[Round "?"]
[White "Collins, Danielle"]
[Black "Prado, Mauricio"]
[Result "0-1"]
[WhiteElo "1056"]
[BlackElo "1700"]
[PlyCount "60"]
[EventDate "1999.09.20"]
[EventType "tourn (corr)"]
[EventRounds "6"]
[EventCountry "ITA"]
[SourceTitle "Corr 2008"]
[Source "ChessBase"]
[SourceDate "2008.06.24"]
[SourceVersion "1"]
[SourceVersionDate "2008.06.24"]
[SourceQuality "1"]

1. e4 e6 2. d4 d5 3. Nc3 Bb4 4. a3 Bxc3+ 5. bxc3 dxe4 6. f3 c5 7. Bb5+ Bd7 8. a4 Nf6 9. Qe2 Qa5 10. Ra3 cxd4 11. fxe4 0-0 12. Nf3 dxc3 13. e5 Nd5 14. Bd3 Bc6 15. Bxh7+ Kxh7 16. Ng5+ Kg8 17. Qh5 Nf6 18. exf6 Qe5+ 19. Kf2 Qf5+ 20. Kg3 gxf6 21. Rf1 Qxc2 22. Rxf6 Nd7 23. Rf2 Qd3+ 24. Nf3 Nf6 25. Qg5+ Qg6 26. Qxg6+ fxg6 27. Rc2 Ne4+ 28. Kh4 Rad8 29. Ng5 Rd4 30. Nxe6 Rf7 0-1

[Event "SEMI WRG2 theme corr"]
[Site "SEMI email"]
[Date "1999.??.??"]
[Round "?"]
[White "Prado, Mauricio"]
[Black "Collins, Casey"]
[Result "1-0"]
[WhiteElo "1700"]
[BlackElo "1142"]
[PlyCount "45"]
[EventDate "1999.09.20"]
[EventType "tourn (corr)"]
[EventRounds "6"]
[EventCountry "ITA"]
[SourceTitle "Corr 2008"]
[Source "ChessBase"]
[SourceDate "2008.06.24"]
[SourceVersion "1"]
[SourceVersionDate "2008.06.24"]
[SourceQuality "1"]

1. e4 e6 2. d4 d5 3. Nc3 Bb4 4. a3 Bxc3+ 5. bxc3 dxe4 6. f3 c5 7. Be2 cxd4 8. Qxd4 Qxd4 9. cxd4 exf3 10. Nxf3 Nc6 11. 0-0 Nge7 12. Bd3 0-0 13. Bf4 Nd5 14. Bg3 h6 15. c4 Nf6 16. Bh4 b6 17. d5 exd5 18. Bxf6 gxf6 19. cxd5 Ne5 20. Nxe5 fxe5 21. Rae1 f6 22. Re3 Kf7 23. Rxe5 1-0

[Event "SEMI French Tarrasch theme2 corr"]
[Site "SEMI email"]
[Date "1999.??.??"]
[Round "?"]
[White "Prado, Mauricio"]
[Black "Robbiani, Simone"]
[Result "1-0"]
[WhiteElo "1700"]
[BlackElo "1200"]
[PlyCount "81"]
[EventDate "1999.03.01"]
[EventType "tourn (corr)"]
[EventRounds "10"]
[EventCountry "ITA"]
[SourceTitle "Corr 2008"]
[Source "ChessBase"]
[SourceDate "2008.06.24"]
[SourceVersion "1"]
[SourceVersionDate "2008.06.24"]
[SourceQuality "1"]

1. e4 e6 2. d4 d5 3. Nd2 Nf6 4. e5 Nfd7 5. Bd3 c5 6. c3 Nc6 7. Ne2 cxd4 8. cxd4 Qb6 9. Nf3 f6 10. Nc3 fxe5 11. dxe5 Be7 12. 0-0 0-0 13. Re1 Nc5 14. Na4 Nxa4 15. Qxa4 Qb4 16. Qd1 h6 17. a3 Qg4 18. h3 Qh5 19. Bc2 Bd7 20. Qd3 Qf5 21. Qxf5 exf5 22. b4 Rac8 23. Bd3 Be6 24. b5 Nd8 25. Bb2 Re8 26. Nd4 g6 27. g4 Rf8 28. gxf5 gxf5 29. Kh1 Kh8 30. Rg1 Bg5 31. h4 Bd2 32. Rg6 Re8 33. Nxf5 Rf8 34. Rd1 Bf4 35. Ne7 Rc7 36. Rf6 Rxf6 37. exf6 Bf7 38. Rg1 Bd2 39. Rg8+ Bxg8 40. f7+ Bc3 41. fxg8Q# 1-0